| 000 | 00859cam a2200241 4500 | ||
|---|---|---|---|
| 001 | J551 | ||
| 008 | 090401t1991 xxu||||| |||| 00| 0 eng d | ||
| 035 | _a(Sirsi) u75503 | ||
| 041 | _aeng | ||
| 050 | _a658.99 | ||
| 110 |
_aNational Joint Consultative Committee _9997 |
||
| 245 | _aCode of procedure for the selection of a management contractor and works contractors. | ||
| 260 |
_aLondon _bRIBA Publications Ltd. _c1991 |
||
| 300 | _a12p. ; 30cm. | ||
| 350 | _a6 | ||
| 520 | _aProduced in consultation with Property Holdings/Department of the Environment. | ||
| 650 | _aMANAGEMENT CONTRACTING | ||
| 690 | _aBUILT ENVIRONMENT-BUILDING CONTRACT FORMS | ||
| 710 |
_aJoint Standing Committee of ArchitectsSurveyors and Buildi _92882 |
||
| 710 |
_aJoint Consultative Committee for Building Northern Ireland _91871 |
||
| 942 | _n0 | ||
| 948 | _c04/03/1997 | ||
| 999 |
_c96028 _d96028 |
||